| 000 | 00748pam a2200265 a 4500 | ||
|---|---|---|---|
| 001 | 2385643 | ||
| 003 | BD-DhUL | ||
| 005 | 20161220192620.0 | ||
| 008 | 850213s1986 nyua b 001 0 eng | ||
| 010 | _a 85003301 | ||
| 020 | _a047106243X (pbk.) | ||
| 040 |
_aDLC _cDLC _dDLC _dBD-DhUL |
||
| 082 | 0 | 0 |
_a658.314 _bBAM |
| 100 | 1 | _aBaird, Lloyd. | |
| 245 | 1 | 0 |
_aManaging performance / _cLloyd Baird. |
| 260 |
_aNew York : _bWiley, _cc1986. |
||
| 300 |
_avii, 168 p. : _bill. ; _c22 cm. |
||
| 440 | 0 | _aWiley series in management | |
| 500 | _aIncludes index. | ||
| 504 | _aBibliography: p. 163-165. | ||
| 650 | 0 | _aPersonnel management. | |
| 650 | 0 | _aPerformance. | |
| 906 |
_a7 _bcbc _corignew _d1 _eocip _f19 _gy-gencatlg |
||
| 942 |
_2ddc _cBK |
||
| 999 |
_c139336 _d139336 |
||